000 00335nam a2200133 i 4500
001 bg
245 0 0 _aProtokół z narady naukowo-informacyjnej n.t. łożysk ślizgowych.
260 _aGdańsk,
_c1973.
650 9 _aŁożyska ślizgowe
040 _cBPK
041 _apol
942 _cKS
008 s pl f |000 0 pol
999 _c20684
_d20684
856 _uhttp://koha.tu.koszalin.pl/cgi-bin/koha/opac-detail.pl?biblionumber=20684
_yKatalog online BPK